000 00638nam a22002177a 4500
003 UA-OsUOA
001 66146
007 ta
008 20091221b un ||||| |||| 00| 0 ukr d
100 _aСитник Ю.
090 _a32
_bС41
942 _cSA
040 _aUA-OsUOA
_bukr
_cUA-OsUOA
_dUA-OsUOA
245 _aМіжнародне співробітництво в галузі екологічної безпеки військової діяльності
300 _aС.45-53
955 _a0
041 _aukr
080 _a32
773 0 _w66139
_tУкраїна - НАТО
_dК.
_d2009
_g3
650 7 _a32 Політика
_2UDC
999 _c351956
_d351956